000 00650nam a2200205 u 4500
001 000024947
005 20200930023452.0
008 110208s1976 sp r 000 0 spa d
020 _a8432503185
040 _aDO-SdBNP
_bspa
_cBNPHU
082 _ann*
_bnn*
100 1 _aRenán, Ernesto.
_951198
245 1 3 _aEl porvenir de la ciencia :
_bpensamientos de 1848 /
_cErnesto Renán ; traducción de Roberto Robert.
260 _aMadrid :
_bDoncel,
_c1976.
300 _a474 p. ;
_c18 cm.
490 1 3 _aEl libro de bolsillo doncel.
_v104
700 1 _aRobert, Roberto,
_etr.
_951199
830 0 _aEl libro de bolsillo doncel
_v104
_98628
049 _aBNGR
999 _c24440
_d24440